Statistics for U.S. Sports Trivia #3

Click here to take the quiz!

General Stats

  • This quiz has been taken 11,274 times
  • The average score is 12 of 20

Answer Stats

Question Answer % Correct
Which NFL team did John Elway play for?Denver Broncos
90%
What is the oldest major league baseball stadium?Fenway Park
84%
What do you call a baseball player who bats both left and right handed?Switch Hitter
81%
Who was banned from baseball in 1989 for betting on games?Pete Rose
76%
What movie director frequently can be found at New York Knicks games?Spike Lee
74%
What is the nickname of the U.S. hockey team's victory over Russia in 1980?The Miracle on Ice
73%
Who suffered a fatal crash at the Daytona 500 in 2001?Dale Earnhardt
72%
Besides football, what sport did Forrest Gump play?Table Tennis
72%
What baseball player is the namesake of a type of elbow surgery?Tommy John
72%
What women's team won 111 straight college basketball games?Connecticut
71%
Who did the United States defeat in the 2015 FIFA Women's World Cup finals?Japan
66%
What golfer is affectionately known as "Lefty"?Phil Mickelson
56%
Which Big Ten university is located in West Lafayette, Indiana?Purdue University
55%
What sport did Kristi Yamaguchi participate in?Figure Skating
55%
What touchdown dance did Ickey Woods perform?The Ickey {Shuffle}
50%
What famous race goes from Anchorage to Nome, Alaska?The Iditarod
45%
What diminutive NBA player has won multiple slam dunk contests, first in 2006?Nate Robinson
43%
What convicted killer promoted boxing matches for Ali, Foreman, and Tyson?Don King
42%
What running back was traded from the Cowboys to the Vikings in 1989
with disastrous results for the Vikings?
Herschel Walker
35%
Who guaranteed several Detroit Pistons victories, but not always successfully?Rasheed Wallace
24%

Score Distribution

Percentile by Number Answered

Percent of People with Each Score

Your Score History

You have not taken this quiz